00805nam a2200157Ia 4500008004100000082001400041100001500055245013400070260003300204365000600237630013400243730013400377942000900511999001900520952010800539100415s9999 xx 000 0 und d b1601a549 aHey Max H aAn Index of Mineral Species and Varieties Arranged Chemically : With an Alphabetical Index of accepted Mineral Names and Synonyms aLONDONc1950bBRITISH MUSEUM b0 aAn Index of Mineral Species and Varieties Arranged Chemically : With an Alphabetical Index of accepted Mineral Names and Synonyms aAn Index of Mineral Species and Varieties Arranged Chemically : With an Alphabetical Index of accepted Mineral Names and Synonyms cBOOK c584651d584648 00104070aBNHSbBNHSd1997-09-03g0.00l0o549 1601pBNHS-1601r2010-04-15 00:00:00w2010-04-15yBOOK